000 00332nam a22001337a 4500
008 170914b xxu||||| |||| 00| 0 eng d
020 _a9780874776942
041 _aeng
080 _a7
100 _a44
101 _aART
245 _aTHE ARTISTS A SPIRITUAL PATH TO HIGHER CREATIVITY
_cCAMEROM.J
942 _2udc
_cBK
999 _c27658
_d27658